000
00311nam a22001457a 4500
003
SGT
020
_a
9789356062191
082
_a
620,CHA
100
_a
CRAIG, JOHAN
245
_a
INTRODUCTION TO ROBOTICS MECHANICS
250
_a
4TH
260
_a
NEW DELHI
_b
PEARSON
_c
2025
300
_a
452
942
_2
ddc
_c
BK
999
_c
28510
_d
28510